000 00313nam a2200109 4500
008 160629b xxu||||| |||| 00| 0 eng d
100 _91339
_a Srivastava, V., et al
245 _aNew Course Science & Technology -X
260 _aN.D
_b Arya
_c2005
300 _aNew Course Science & Technology -X
942 _2ddc
_cBK
999 _c1097
_d1097